Level of hospital preparendness for internal disasters in tertiary care hospitals in Pakistan (Record no. 554315)
[ view plain ]
| 000 -LEADER | |
|---|---|
| fixed length control field | 00437nam a22001457a 4500 |
| 082 ## - DEWEY DECIMAL CLASSIFICATION NUMBER | |
| Classification number | T-255 |
| 100 ## - MAIN ENTRY--PERSONAL NAME | |
| Personal name | Omer, Dr Zainab |
| 9 (RLIN) | 51760 |
| 245 ## - TITLE STATEMENT | |
| Title | Level of hospital preparendness for internal disasters in tertiary care hospitals in Pakistan |
| Remainder of title | (Case Study of Rawalpindi City) |
| 260 ## - PUBLICATION, DISTRIBUTION, ETC. | |
| Place of publication, distribution, etc. | Risalpur, |
| Name of publisher, distributor, etc. | MCE, |
| Date of publication, distribution, etc. | 2019. |
| 300 ## - PHYSICAL DESCRIPTION | |
| Extent | 112p. |
| 500 ## - GENERAL NOTE | |
| General note | DM |
| 526 ## - STUDY PROGRAM INFORMATION NOTE | |
| Program name | 0 |
| Interest level | 0 |
| Reading level | 0 |
| Title point value | T_255 |
| 700 ## - ADDED ENTRY--PERSONAL NAME | |
| Personal name | Dr Jawed Iqbal |
| 9 (RLIN) | 51673 |
| 942 ## - ADDED ENTRY ELEMENTS (KOHA) | |
| Source of classification or shelving scheme | |
| Koha item type | Book |
| Withdrawn status | Lost status | Source of classification or shelving scheme | Damaged status | Not for loan | Permanent Location | Current Location | Date acquired | Total Checkouts | Full call number | Barcode | Date last seen | Price effective from | Koha item type |
|---|---|---|---|---|---|---|---|---|---|---|---|---|---|
| Military College of Engineering (MCE) | Military College of Engineering (MCE) | 11/14/2019 | T-255 | MCE-T-255 | 11/14/2019 | 11/14/2019 | Book |
